The last things / (Record no. 6432)

MARC details
000 -LEADER
fixed length control field 00616nam a22002177a 4500
003 - CONTROL NUMBER IDENTIFIER
control field GBCCL
005 - DATE AND TIME OF LATEST TRANSACTION
control field 20241126110603.0
008 - FIXED-LENGTH DATA ELEMENTS--GENERAL INFORMATION
fixed length control field 180514b ||||| |||| 00| 0 eng d
020 ## - INTERNATIONAL STANDARD BOOK NUMBER
International Standard Book Number 085421707X (Scripture Union)
020 ## - INTERNATIONAL STANDARD BOOK NUMBER
International Standard Book Number 0802817734 (Wm. B. Eerdmans)
040 ## - CATALOGING SOURCE
Transcribing agency gbc
082 ## - DEWEY DECIMAL CLASSIFICATION NUMBER
Classification number 236
Item number LAD
100 ## - MAIN ENTRY--PERSONAL NAME
Personal name Ladd, G E
9 (RLIN) 11528
245 ## - TITLE STATEMENT
Title The last things /
Statement of responsibility, etc. G E Ladd
260 ## - PUBLICATION, DISTRIBUTION, ETC.
Place of publication, distribution, etc. London:
Name of publisher, distributor, etc. Scripture Union,
Date of publication, distribution, etc. 1978
260 ## - PUBLICATION, DISTRIBUTION, ETC.
Place of publication, distribution, etc. Grand Rapids:
Name of publisher, distributor, etc. Wm. B. Eerdmans,
Date of publication, distribution, etc. 1978
300 ## - PHYSICAL DESCRIPTION
Extent 64 p.;
Dimensions 21 cm.
440 ## - SERIES STATEMENT/ADDED ENTRY--TITLE
Title Understanding Bible Teaching
9 (RLIN) 11527
650 ## - SUBJECT ADDED ENTRY--TOPICAL TERM
Topical term or geographic name entry element Eschatology
9 (RLIN) 2009
942 ## - ADDED ENTRY ELEMENTS (KOHA)
Source of classification or shelving scheme Dewey Decimal Classification
Koha item type Books
Koha issues (borrowed), all copies 1
Holdings
Withdrawn status Lost status Source of classification or shelving scheme Damaged status Not for loan Home library Current Library Shelving location Date acquired Total checkouts Full call number Barcode Date last seen Date last checked out Copy number Price effective from Koha item type
    Dewey Decimal Classification     GRACE BIBLE COLLEGE GRACE BIBLE COLLEGE Theology 2018-05-14 1 236 LAD 000398 2025-05-01 2023-07-10 c.1 2018-05-14 Books
© Grace Bible College Library 2025